| 000 | 01313cam a2200361 a 4500 | ||
|---|---|---|---|
| 999 |
_c28543 _d28514 |
||
| 001 | 12292112 | ||
| 003 | EG-ScBUE | ||
| 005 | 20200809105711.0 | ||
| 008 | 010126t2002 nyua f b 001 0 eng d | ||
| 020 | _a076682232X (alk. paper) | ||
| 020 | _a9780766822320 | ||
| 040 |
_aDLC _beng _erda _cDLC _dDLC _dEG-ScBUE |
||
| 082 | 0 | 4 |
_a686.2 _bADA _222 |
| 100 | 1 |
_aAdams, J. Michael, _d1947-2012, _eauthor. |
|
| 245 | 1 | 0 |
_aPrinting technology / _cJ. Michael Adams, Fairleigh Dickinson University, Penny Ann Dolin, Faculty Arizona State University East. |
| 250 | _aFifth edition. | ||
| 264 | 1 |
_aAlbany, NY : _bDelmar/Thomson Learning, _c[2002] |
|
| 264 | 1 | _cc2002 | |
| 300 |
_axv, 542 pages : _billustrations ; _c25 cm |
||
| 336 |
_2rdacontent _atext _btxt |
||
| 337 |
_2rdamedia _aunmediated _bn |
||
| 338 |
_2rdacarrier _avolume _bnc |
||
| 500 | _aIncludes glossary. | ||
| 500 | _aIncludes appendices. | ||
| 504 | _aIncludes bibliographical references and index. | ||
| 650 | 7 |
_aPrinting. _2BUEsh |
|
| 653 |
_bGGEN _cJuly2020 |
||
| 655 |
_vReading book _934232 |
||
| 700 | 1 |
_aDolin, Penny Ann, _eauthor. |
|
| 906 |
_a7 _bcbc _corignew _d1 _eocip _f20 _gy-gencatlg |
||
| 942 |
_2ddc _cBB |
||